LEADER 02449oam 2200613I 450 001 9910958285003321 005 20251117090035.0 010 $a1-351-94849-0 010 $a1-138-27783-5 010 $a1-315-25925-7 024 7 $a10.4324/9781315259253 035 $a(CKB)3710000001080987 035 $a(MiAaPQ)EBC4817304 035 $a(Au-PeEL)EBL4817304 035 $a(CaPaEBR)ebr11356474 035 $a(OCoLC)975223637 035 $a(OCoLC)988387565 035 $a(FINmELB)ELB140011 035 $a(BIP)63369437 035 $a(BIP)10854832 035 $a(EXLCZ)993710000001080987 100 $a20180706e20162005 uy 0 101 0 $aeng 135 $aurcnu|||||||| 181 $2rdacontent 182 $2rdamedia 183 $2rdacarrier 200 10$aCorporate governance in government corporations /$fMichael J. Whincop 205 $a1st ed. 210 1$aLondon :$cRoutledge,$d2016. 215 $a1 online resource (259 pages) 225 1 $aLaw, Ethics and Governance Series 300 $aFirst published 2005 by Ashgate Publishing. 311 08$a0-7546-2276-2 311 08$a1-351-94850-4 320 $aIncludes bibliographical references and index. 327 $aHistorical and comparative issues -- The management of the government corporation -- The government as shareholder -- Stakeholders and corporate governance -- Reforming government corporations. 330 $aMany governments across the world have responded to the need for greater efficiency in the delivery of government services by the reorganization of these bureaucracies along the lines of for-profit business corporations. In doing so, governments have relied on the capacity for governance practices to overcome the weaker incentives created by the attenuated 'property rights' that are created in public enterprise. 410 0$aLaw, ethics and governance. 606 $aGovernment business enterprises$xManagement 606 $aGovernment corporations$xManagement 606 $aCorporate governance 615 0$aGovernment business enterprises$xManagement. 615 0$aGovernment corporations$xManagement. 615 0$aCorporate governance. 676 $a352.2/66 700 $aWhincop$b Michael J.$0261603 801 0$bMiAaPQ 801 1$bMiAaPQ 801 2$bMiAaPQ 906 $aBOOK 912 $a9910958285003321 996 $aCorporate governance in government corporations$94471442 997 $aUNINA